Country Quiz on a Map - France - Statistics

General Stats
  • This quiz has been taken 47,726 times
    32,058 since last reset
  • The average score is 29 of 45
Answers on the Map
Answers color-coded by a green-red scale on the quiz's map according to % correct below.
 
Answer Stats
Answers % Correct
2,133,111 Paris
99%
873,076 Marseille
90%
522,250 Lyon
88%
Luxembourg
85%
Monaco
85%
348,085 Nice
84%
Alps
83%
Andorra
83%
Belgium
83%
Germany
83%
Spain
83%
Port city internationally renowned for its wines Bordeaux
81%
Largest island within metropolitan France Corsica
80%
Italy
80%
Royal palace constructed during the reign of Louis XIV Palace of Versailles
80%
Seine
80%
Switzerland
80%
Host to a major annual film festival Cannes
79%
Peninsula with a rich Celtic cultural heritage Brittany
77%
North Atlantic Ocean
76%
Rouen: This heroine was burned at the stake there Joan of Arc
75%
English Channel
74%
Mediterranean Sea
73%
Mont Blanc
70%
North Sea
70%
504,078 Toulouse
70%
Pyrenees
69%
City from which British and French soldiers escaped during World War II Dunkirk
67%
Historically contested region between France and Germany Alsace
66%
Bay of Biscay
57%
Once the residence of the pope Avignon
55%
Loire
55%
Rhone
55%
Toulon: In this novel by Victor Hugo, Jean Valjean is incarcerated in the city's bagne. Les Misérables
49%
1916: Longest battle of World War I Battle of Verdun
46%
Small medieval tidal island Mont Saint Michel
46%
Amboise: This Renaissance artist spent the end of his life there Leonardo da Vinci
45%
Dole: This microbiology pioneer, who developed a vaccine for rabies, was born in this city Louis Pasteur
37%
Fortified city in Southern France Carcassonne
35%
1415: Major English victory in the Hundred Years' War Battle of Agincourt
28%
Tallest sand dune on the European continent Dune of Pilat
20%
Tallest bridge in the world Millau Viaduct
20%
Giverny: Claude Monet created this impressive series of paintings portraying his flower garden in this town Water Lilies
20%
Famous cliffs featuring numerous majestic arches Etretat Cliffs
15%
Cherbourg: This musical film, primarily starring Catherine Deneuve, is mainly set there The Umbrellas of Cherbourg
15%
No matching quizzes found
Score Distribution
Percent of People with Each Score
Percentile by Number Answered
Your Score History
You have not taken this quiz since the last reset